000
00290nmm a2200097Ia 4500
008
220120s9999||||xx |||||||||||||||||und||
020
_a
978-81-203-3468-7
100
_a
PCQ
245
0
_a
10 free cad software for architects and biologists, 7 bug tr
260
_a
Cyber media Pvt. Ltd.
_b
New delhi
999
_c
139958
_d
139958